Normal view
MARC view
- Moududi, S. Abul-ul-Allah
Entry Personal Name
001 - CONTROL NUMBER
- control field: 91533
003 - CONTROL NUMBER IDENTIFIER
- control field: NUST
005 - DATE AND TIME OF LATEST TRANSACTION
- control field: 20220512115606.0
008 - FIXED-LENGTH DATA ELEMENTS
- fixed length control field: 220512|| aca||aabn | a|a d
040 ## - CATALOGING SOURCE
- Original cataloging agency: NUST
- Transcribing agency: NUST
100 ## - HEADING--PERSONAL NAME
- Personal name: Moududi, S. Abul-ul-Allah
670 ## - SOURCE DATA FOUND
- Source citation: Work cat.: (NUST)7312: Moududi, S. Abul-ul-Allah, Tafheem-ul-Quran (Vol II), 2004.
